Central Library OPAC University of Rajshahi

কাব্যবিচিত্রা / (Record no. 63612)

MARC details
000 -LEADER
fixed length control field 00857nam a2200229 a 4500
001 - CONTROL NUMBER
control field 63612
003 - CONTROL NUMBER IDENTIFIER
rucl marc code BD-RjUL
005 - DATE AND TIME OF LATEST TRANSACTION
control field 20211209081221.0
008 - FIXED-LENGTH DATA ELEMENTS--GENERAL INFORMATION
fixed length control field 170131s1998 bg ||||| |||| 00| 0 ben d
020 ## - INTERNATIONAL STANDARD BOOK NUMBER
International Standard Book Number 9844014921
Terms of availability : TK 300.00
035 ## - SYSTEM CONTROL NUMBER
System control number (BD-RjUL)63741
040 ## - CATALOGING SOURCE
Original cataloging agency BD-RjUL
Language of cataloging ben
Transcribing agency BD-RjUL
041 ## - LANGUAGE CODE
Language code of text/sound track or separate title ben
082 ## - DEWEY DECIMAL CLASSIFICATION NUMBER
Edition number 23
Classification number 891.44108
Author mark and year ISK 1998
100 ## - MAIN ENTRY--PERSONAL NAME
Personal name ইসলাম, মযহারুল
9 (RLIN) 179261
245 10 - TITLE STATEMENT
Title কাব্যবিচিত্রা /
Statement of responsibility, etc. মযহারুল ইসলাম
260 ## - PUBLICATION, DISTRIBUTION, ETC. (IMPRINT)
Place of publication, distribution, etc. ঢাকা :
Name of publisher, distributor, etc. আগামী প্রকাশনী,
Date of publication, distribution, etc. ১৯৯৮
300 ## - PHYSICAL DESCRIPTION
Pagination ৪৩০ পৃ. ;
Size ২১ সেমি.
650 ## - SUBJECT ADDED ENTRY--TOPICAL TERM
Topical term or geographic name as entry element বাংলা কবিতা
General subdivision ইতিহাস ও সমালোচনা
9 (RLIN) 185023
Topical term or geographic name as entry element Bengali Poetry
General subdivision History & Criticism
9 (RLIN) 188833
942 ## - ADDED ENTRY ELEMENTS (KOHA)
Source of classification or shelving scheme Dewey Decimal Classification
Koha item type Books
Holdings
Lost status Source of classification or shelving scheme Damaged status Not for loan Collection code Permanent Location Current Location Shelving location Date acquired Source of acquisition Cost, normal purchase price Total Checkouts Full call number Date last seen Copy number Koha item type
  Dewey Decimal Classification   Not For Loan Non-fiction Central Library, University of Rajshahi Central Library, University of Rajshahi Reading Room 24/09/1998 Md. Mozharul Rohoman 300.00   B 891.44109 ISK 1998 31/01/2017 C-1 Books